000
00244nam a2200097Ia 4500
001
865718
005
20250826175534.0
008
250824s9999 xx 000 0 und d
245
0
_a
BANA İKİMİZİ ANLAT
_c
AHMET BATMAN
260
_b
DESTEK YAYINLARI
999
_c
865718
_d
865718